| 000 | 00367nam a2200133Ia 4500 | ||
|---|---|---|---|
| 008 | 240624s9999 xx 000 0 und d | ||
| 041 | _aeng | ||
| 082 | _a658.1 RAY | ||
| 100 | _aRAY KAMAL GHOSH | ||
| 245 | _aMERGERS AND ACQUISITIONS STRATEGY VALUATION AND INTEGRAT | ||
| 260 |
_c2010 _aNew Delhi _bPHI Learning |
||
| 300 | _axxi, : 869 : p. : cm. ; 23 | ||
| 365 | _cRS | ||
| 999 |
_c17181 _d17181 |
||